[Event "22. Torneo San Viator"]
[Site "Madrid ESP"]
[Date "2014.04.27"]
[Round "5.43"]
[White "Lizon Martinez, Santiago"]
[Black "Valdes Sanchez, Jesus Manuel"]
[Result "1/2-1/2"]
[WhiteElo "1804"]
[BlackElo "1569"]
[PlyCount "72"]
[EventDate "2014.03.23"]
[EventType "swiss"]
[EventRounds "9"]
[EventCountry "ESP"]
[SourceTitle "Ajedrez en Madrid"]
[Source "lmi"]
[SourceDate "2014.03.23"]
[SourceVersion "1"]
[SourceVersionDate "2014.07.21"]
[SourceQuality "1"]

1. e4 e6 2. d4 d5 3. e5 b6 4. Nf3 c5 5. c3 a5 6. Bd3 Ne7 7. O-O Ba6 8. a3 Bxd3
9. Qxd3 c4 10. Qc2 a4 11. Bg5 Qd7 12. Nbd2 Qb5 13. h4 h6 14. Bf4 Ng6 15. Bg3
Be7 16. h5 Nf8 17. Nh4 Bxh4 18. Bxh4 Nh7 19. f4 Nd7 20. f5 O-O 21. f6 gxf6 22.
exf6 Kh8 23. Nf3 Ndxf6 24. Bxf6+ Nxf6 25. Ne5 Ne4 26. Nxf7+ Kg7 27. Ne5 Qe8 28.
Qe2 Ra7 29. Qg4+ Ng5 30. Rxf8 Qxf8 31. Rf1 Qe8 32. Qf4 Ne4 33. Qg4+ Ng5 34. Qf4
Ne4 35. Qg4+ Ng5 36. Qf4 Ne4 1/2-1/2

[Event "22. Torneo San Viator"]
[Site "Madrid ESP"]
[Date "2014.04.27"]
[Round "5.44"]
[White "Gallego Romero, Manuel"]
[Black "Petru, Marius Ioan"]
[Result "1-0"]
[WhiteElo "1531"]
[BlackElo "1742"]
[PlyCount "61"]
[EventDate "2014.03.23"]
[EventType "swiss"]
[EventRounds "9"]
[EventCountry "ESP"]
[SourceTitle "Ajedrez en Madrid"]
[Source "lmi"]
[SourceDate "2014.03.23"]
[SourceVersion "1"]
[SourceVersionDate "2014.07.21"]
[SourceQuality "1"]

1. e4 c5 2. Bc4 Nc6 3. a3 Nf6 4. d3 e6 5. Nf3 d5 6. exd5 exd5 7. Ba2 Be7 8. h3
O-O 9. O-O Qd6 10. c3 b6 11. Re1 Bb7 12. Bg5 Nd8 13. d4 Ne6 14. dxc5 bxc5 15.
Bxf6 Bxf6 16. Nbd2 Nf4 17. Ne4 Qb6 18. Nxf6+ Qxf6 19. Ne5 Rfd8 20. Qf3 Rab8 21.
Qg3 c4 22. Ng4 Qd6 23. Rad1 Ba6 24. Rd4 Nd3 25. Re8+ Rxe8 26. Qxd6 Bb5 27. Qxd5
Nxb2 28. Ne5 Re7 29. Nxc4 Re1+ 30. Kh2 Nd1 31. Qc5 1-0

[Event "22. Torneo San Viator"]
[Site "Madrid ESP"]
[Date "2014.04.27"]
[Round "5.45"]
[White "Charles Soria, Alberto"]
[Black "Santos Valdivia, Victor Manuel"]
[Result "1/2-1/2"]
[WhiteElo "1646"]
[BlackElo "1512"]
[PlyCount "46"]
[EventDate "2014.03.23"]
[EventType "swiss"]
[EventRounds "9"]
[EventCountry "ESP"]
[SourceTitle "Ajedrez en Madrid"]
[Source "lmi"]
[SourceDate "2014.03.23"]
[SourceVersion "1"]
[SourceVersionDate "2014.07.21"]
[SourceQuality "1"]

1. e4 e5 2. Nf3 Nc6 3. Bb5 a6 4. Ba4 b5 5. Bb3 d6 6. c3 Na5 7. Bc2 Bb7 8. O-O
Ne7 9. Re1 Qd7 10. d4 f6 11. Nbd2 Ng6 12. Nf1 Bc8 13. h3 Qf7 14. Ng3 h5 15. Nf5
Ne7 16. N3h4 g6 17. Nxe7 Bxe7 18. Nf3 Nc6 19. Bb3 Qf8 20. dxe5 Nxe5 21. Nxe5
fxe5 22. Bd5 Rb8 23. Bc6+ Bd7 1/2-1/2

[Event "22. Torneo San Viator"]
[Site "Madrid ESP"]
[Date "2014.04.27"]
[Round "5.46"]
[White "Barragan Panal, Juan Jose"]
[Black "Lavandeira Hermoso, Alvaro"]
[Result "1-0"]
[WhiteElo "1630"]
[BlackElo "1481"]
[PlyCount "24"]
[EventDate "2014.03.23"]
[EventType "swiss"]
[EventRounds "9"]
[EventCountry "ESP"]
[SourceTitle "Ajedrez en Madrid"]
[Source "lmi"]
[SourceDate "2014.03.23"]
[SourceVersion "1"]
[SourceVersionDate "2014.07.21"]
[SourceQuality "1"]

1. d4 Nf6 2. Nf3 g6 3. Bf4 d6 4. e3 Bg7 5. Bd3 b6 6. Nbd2 Bb7 7. c3 O-O 8. Qc2
Qd7 9. h3 c5 10. c4 cxd4 11. exd4 Nc6 12. a3 Qe6+ 1-0

[Event "22. Torneo San Viator"]
[Site "Madrid ESP"]
[Date "2014.04.27"]
[Round "5.48"]
[White "Aranda Perez, Ivan"]
[Black "Mateos Cordero, Francisco"]
[Result "0-1"]
[WhiteElo "1440"]
[BlackElo "1597"]
[PlyCount "62"]
[EventDate "2014.03.23"]
[EventType "swiss"]
[EventRounds "9"]
[EventCountry "ESP"]
[SourceTitle "Ajedrez en Madrid"]
[Source "lmi"]
[SourceDate "2014.03.23"]
[SourceVersion "1"]
[SourceVersionDate "2014.07.21"]
[SourceQuality "1"]

1. e4 e6 2. d4 d5 3. e5 c5 4. c3 Nc6 5. Nf3 cxd4 6. cxd4 Bb4+ 7. Nc3 Bxc3+ 8.
bxc3 Nge7 9. Bd3 Qc7 10. Bd2 Bd7 11. Qc2 h6 12. O-O a6 13. a4 Na5 14. Rfb1 Nc4
15. Be1 O-O 16. Nd2 b5 17. axb5 axb5 18. Qc1 Bc6 19. Nb3 Rxa1 20. Rxa1 Ra8 21.
Rxa8+ Bxa8 22. Nc5 Qa5 23. Nb3 Qa2 24. Bxc4 dxc4 25. Nc5 Nd5 26. Bd2 Nb6 27. h3
Na4 28. Bxh6 gxh6 29. Qxh6 Qb1+ 30. Kh2 Qg6 31. Qh4 Qxg2# 0-1

[Event "22. Torneo San Viator"]
[Site "Madrid ESP"]
[Date "2014.04.27"]
[Round "5.49"]
[White "Andres Rodriguez, Florencio"]
[Black "Ortega Palacios, Alejandro"]
[Result "1-0"]
[WhiteElo "1588"]
[BlackElo "1467"]
[PlyCount "151"]
[EventDate "2014.03.23"]
[EventType "swiss"]
[EventRounds "9"]
[EventCountry "ESP"]
[SourceTitle "Ajedrez en Madrid"]
[Source "lmi"]
[SourceDate "2014.03.23"]
[SourceVersion "1"]
[SourceVersionDate "2014.07.21"]
[SourceQuality "1"]

1. d4 d5 2. c4 Nf6 3. Nc3 c6 4. Qc2 e6 5. e4 Bb4 6. e5 Nfd7 7. a3 Be7 8. Nf3
Nb6 9. c5 N6d7 10. Bd3 h6 11. O-O b6 12. b4 Ba6 13. a4 Bxd3 14. Qxd3 bxc5 15.
bxc5 O-O 16. Rb1 Qa5 17. Bd2 Qa6 18. Qxa6 Nxa6 19. Rb7 Rfd8 20. Rfb1 Bf8 21.
Ne2 Rab8 22. Ba5 Naxc5 23. dxc5 Rxb7 24. Rxb7 Rb8 25. Rxb8 Nxb8 26. Bb4 Na6 27.
Ba3 Nxc5 28. Ned4 Nxa4 29. Bxf8 Kxf8 30. Nxc6 a6 31. Nfd4 Ke8 32. Nb3 Kd7 33.
Nb8+ Kc7 34. Nxa6+ Kb6 35. Nb4 Nb2 36. Nc2 Nd3 37. Ne3 Nxe5 38. Nd4 Kc5 39.
Nb3+ Kb4 40. Nd2 Kc3 41. Nf3 Nxf3+ 42. gxf3 h5 43. Kf1 g5 44. Ke2 f5 45. Nd1+
Kd4 46. Nb2 f4 47. Nd3 e5 48. Ne1 e4 49. h3 Kc3 50. fxe4 dxe4 51. f3 e3 52. Ng2
Kd4 53. h4 g4 54. Nxf4 g3 55. Ng2 Ke5 56. Kxe3 Kf5 57. Kd4 Kf6 58. Ke4 Ke6 59.
Kf4 Kf6 60. Kxg3 Ke5 61. Nf4 Kf6 62. Nxh5+ Kg6 63. Nf4+ Kh6 64. Kg4 Kh7 65. Ng2
Kg8 66. Kg5 Kf8 67. f4 Kg8 68. f5 Kf8 69. f6 Kg8 70. Kg6 Kf8 71. h5 Kg8 72. f7+
Kf8 73. h6 Ke7 74. h7 Kd6 75. h8=Q Kc6 76. f8=Q 1-0

[Event "22. Torneo San Viator"]
[Site "Madrid ESP"]
[Date "2014.04.27"]
[Round "5.50"]
[White "Perez Puebla, David"]
[Black "Del Noval Perez, Jeronimo"]
[Result "1/2-1/2"]
[WhiteElo "1581"]
[BlackElo "1413"]
[PlyCount "63"]
[EventDate "2014.03.23"]
[EventType "swiss"]
[EventRounds "9"]
[EventCountry "ESP"]
[SourceTitle "Ajedrez en Madrid"]
[Source "lmi"]
[SourceDate "2014.03.23"]
[SourceVersion "1"]
[SourceVersionDate "2014.07.21"]
[SourceQuality "1"]

1. e4 e5 2. Nf3 Nc6 3. d4 exd4 4. Nxd4 Qf6 5. Nxc6 Qxc6 6. Bd3 Nf6 7. Qe2 Be7
8. O-O O-O 9. a3 d6 10. Nc3 a6 11. Nd5 Nxd5 12. exd5 Qd7 13. Qe4 f5 14. Qc4 b5
15. Qf4 Bb7 16. c4 h6 17. Re1 Bg5 18. Qf3 Bxc1 19. Raxc1 Rf6 20. Re2 c6 21.
dxc6 Qxc6 22. Qxc6 Bxc6 23. cxb5 Bxb5 24. Bxb5 axb5 25. Rc6 b4 26. Re3 Kf7 27.
g3 bxa3 28. bxa3 Re6 29. Rf3 g6 30. Rb3 d5 31. Rxe6 Kxe6 32. Re3+ 1/2-1/2

[Event "22. Torneo San Viator"]
[Site "Madrid ESP"]
[Date "2014.04.27"]
[Round "5.51"]
[White "Trapero Bueno, Vicente"]
[Black "Simarro Cabrera, Jorge"]
[Result "0-1"]
[WhiteElo "1188"]
[BlackElo "1581"]
[PlyCount "56"]
[EventDate "2014.03.23"]
[EventType "swiss"]
[EventRounds "9"]
[EventCountry "ESP"]
[SourceTitle "Ajedrez en Madrid"]
[Source "lmi"]
[SourceDate "2014.03.23"]
[SourceVersion "1"]
[SourceVersionDate "2014.07.21"]
[SourceQuality "1"]

1. d4 Nf6 2. Nf3 g6 3. c4 d5 4. cxd5 Nxd5 5. e4 Nb6 6. Be2 Bg7 7. O-O O-O 8.
Bg5 Bg4 9. e5 Nc6 10. Be3 Nd5 11. a3 Bd7 12. Qd2 Nxe3 13. Qxe3 e6 14. Nc3 Ne7
15. Bd3 Bc6 16. b4 Bxf3 17. Qxf3 Qxd4 18. Rac1 Bxe5 19. Be4 c6 20. Rfd1 Qb6 21.
Rd7 Bxc3 22. Rxc3 Nd5 23. Bxd5 exd5 24. Re3 Rad8 25. Rde7 c5 26. bxc5 Qxc5 27.
g3 b6 28. Rc3 Qxe7 0-1

[Event "22. Torneo San Viator"]
[Site "Madrid ESP"]
[Date "2014.04.27"]
[Round "5.52"]
[White "Dominguez Lerida, Nicolas"]
[Black "Del Noval Nemeshazi, Mario"]
[Result "1-0"]
[WhiteElo "1577"]
[BlackElo "1317"]
[PlyCount "57"]
[EventDate "2014.03.23"]
[EventType "swiss"]
[EventRounds "9"]
[EventCountry "ESP"]
[SourceTitle "Ajedrez en Madrid"]
[Source "lmi"]
[SourceDate "2014.03.23"]
[SourceVersion "1"]
[SourceVersionDate "2014.07.21"]
[SourceQuality "1"]

1. d4 Nf6 2. c4 g6 3. Nc3 Bg7 4. e4 d6 5. Be2 O-O 6. Nf3 Bd7 7. O-O c5 8. d5 e5
9. Rb1 Qc8 10. a3 Bg4 11. b4 Na6 12. b5 Nc7 13. Bg5 h6 14. Bxf6 Bxf6 15. Nd2
Bxe2 16. Qxe2 Bg5 17. Nf3 Qd8 18. Ne1 Ne8 19. Nd3 Nf6 20. f4 exf4 21. Nxf4 Bxf4
22. Rxf4 Nh5 23. Rf3 Re8 24. Qd2 Nf6 25. Qf4 Nh5 26. Qxf7+ Kh8 27. Qxg6 Qg5 28.
Qxg5 hxg5 29. Rh3 1-0

[Event "22. Torneo San Viator"]
[Site "Madrid ESP"]
[Date "2014.04.27"]
[Round "5.53"]
[White "Cuerda Montagud, Tomas"]
[Black "Montes De Santiago, Fernando"]
[Result "0-1"]
[WhiteElo "1342"]
[BlackElo "1831"]
[PlyCount "64"]
[EventDate "2014.03.23"]
[EventType "swiss"]
[EventRounds "9"]
[EventCountry "ESP"]
[SourceTitle "Ajedrez en Madrid"]
[Source "lmi"]
[SourceDate "2014.03.23"]
[SourceVersion "1"]
[SourceVersionDate "2014.07.21"]
[SourceQuality "1"]

1. e4 c5 2. Nf3 d6 3. d4 cxd4 4. Nxd4 Nf6 5. Nc3 a6 6. f3 e5 7. Nb3 Be6 8. Be3
Nbd7 9. Qd2 Be7 10. O-O-O O-O 11. g4 b5 12. g5 Ne8 13. h4 Nb6 14. Kb1 Nc4 15.
Bxc4 bxc4 16. Nc1 Nc7 17. f4 g6 18. Rdf1 exf4 19. Bxf4 Nb5 20. Nxb5 axb5 21. h5
b4 22. Qxb4 d5 23. Qb7 Bxg5 24. h6 Bxf4 25. Rxf4 Qd6 26. Rf6 Rfb8 27. Qxd5
Rxb2+ 28. Ka1 Rb1+ 29. Kxb1 Qb4+ 30. Nb3 Bxd5 31. exd5 cxb3 32. axb3 Qc3 0-1

[Event "22. Torneo San Viator"]
[Site "Madrid ESP"]
[Date "2014.04.27"]
[Round "5.54"]
[White "Munoz Munoz, Pablo Ii"]
[Black "Castillo Sanz, Javier"]
[Result "0-1"]
[WhiteElo "1489"]
[BlackElo "1815"]
[PlyCount "60"]
[EventDate "2014.03.23"]
[EventType "swiss"]
[EventRounds "9"]
[EventCountry "ESP"]
[SourceTitle "Ajedrez en Madrid"]
[Source "lmi"]
[SourceDate "2014.03.23"]
[SourceVersion "1"]
[SourceVersionDate "2014.07.21"]
[SourceQuality "1"]

1. d4 g6 2. g3 Bg7 3. Nf3 b5 4. Bg2 Bb7 5. O-O d6 6. e3 Nd7 7. Nbd2 e6 8. b3
Ne7 9. c4 a6 10. a4 c5 11. axb5 cxd4 12. exd4 axb5 13. Rxa8 Bxa8 14. cxb5 Qb6
15. Bb2 Qxb5 16. Nc4 Qa6 17. Qa1 Qxa1 18. Rxa1 Bxf3 19. Nxd6+ Kd8 20. Nxf7+ Kc7
21. Nxh8 Bxg2 22. Kxg2 Bxh8 23. Ra7+ Kc8 24. Ra8+ Nb8 25. Ra7 Bf6 26. Kf3 Nbc6
27. Ra4 Nd5 28. Ke4 Kd7 29. Kd3 Nb6 30. Ra8 Nxa8 0-1

[Event "22. Torneo San Viator"]
[Site "Madrid ESP"]
[Date "2014.04.27"]
[Round "5.56"]
[White "Lopez Munoz, Pedro"]
[Black "Torrecillas Adan, Luis"]
[Result "1-0"]
[WhiteElo "1699"]
[BlackElo "1266"]
[PlyCount "53"]
[EventDate "2014.03.23"]
[EventType "swiss"]
[EventRounds "9"]
[EventCountry "ESP"]
[SourceTitle "Ajedrez en Madrid"]
[Source "lmi"]
[SourceDate "2014.03.23"]
[SourceVersion "1"]
[SourceVersionDate "2014.07.21"]
[SourceQuality "1"]

1. f4 d5 2. Nf3 Nf6 3. e3 Bg4 4. h3 Bxf3 5. Qxf3 e6 6. b3 Bb4 7. Bb2 O-O 8. g4
Ne4 9. h4 f6 10. Nc3 Nxc3 11. dxc3 Bd6 12. O-O-O c6 13. c4 Qa5 14. Kb1 Na6 15.
g5 Be7 16. f5 fxg5 17. hxg5 Bxg5 18. Qh5 h6 19. fxe6 Nb4 20. a3 Nxc2 21. Kxc2
Rf2+ 22. Kb1 Rxb2+ 23. Kxb2 Bf6+ 24. Ka2 Qc3 25. Qf7+ Kh7 26. Bd3+ Kh8 27.
Rxh6+ 1-0

[Event "22. Torneo San Viator"]
[Site "Madrid ESP"]
[Date "2014.04.27"]
[Round "5.58"]
[White "Jimenez Perez, Federico"]
[Black "Alonso Ibanez, Jose"]
[Result "0-1"]
[WhiteElo "1301"]
[BlackElo "1572"]
[PlyCount "70"]
[EventDate "2014.03.23"]
[EventType "swiss"]
[EventRounds "9"]
[EventCountry "ESP"]
[SourceTitle "Ajedrez en Madrid"]
[Source "lmi"]
[SourceDate "2014.03.23"]
[SourceVersion "1"]
[SourceVersionDate "2014.07.21"]
[SourceQuality "1"]

1. e4 e5 2. Nf3 Nc6 3. Bb5 d6 4. d4 Bd7 5. Nc3 Be7 6. Be3 Nf6 7. O-O O-O 8. d5
Nb8 9. Bxd7 Qxd7 10. Nh4 Nxe4 11. Nxe4 Bxh4 12. Bg5 Bxg5 13. Nxg5 Qf5 14. Nf3
Nd7 15. Re1 Nf6 16. Nh4 Qg4 17. g3 Qc4 18. Nf5 Rfe8 19. Ne3 Qb5 20. b3 h6 21.
c4 Qd7 22. Qf3 Qh3 23. Rad1 Nh7 24. Nf5 Ng5 25. Nxh6+ Qxh6 26. Qh1 Qf6 27. Re3
Nh3+ 28. Kg2 Qxf2+ 29. Kxh3 Qxe3 30. Rf1 Qh6+ 31. Kg2 Re7 32. h4 Rae8 33. Qh3
e4 34. Qf5 e3 35. Rf4 e2 0-1

[Event "22. Torneo San Viator"]
[Site "Madrid ESP"]
[Date "2014.05.11"]
[Round "6.1"]
[White "Garcia-Ruiz Fuentes, Angel M"]
[Black "Elissalt Cardenas, Hector"]
[Result "1-0"]
[WhiteElo "2025"]
[BlackElo "2369"]
[PlyCount "45"]
[EventDate "2014.03.23"]
[EventType "swiss"]
[EventRounds "9"]
[EventCountry "ESP"]
[SourceTitle "Ajedrez en Madrid"]
[Source "lmi"]
[SourceDate "2014.03.23"]
[SourceVersion "1"]
[SourceVersionDate "2014.07.21"]
[SourceQuality "1"]

1. e4 g6 2. d4 Bg7 3. Nc3 d6 4. f4 c6 5. Nf3 b5 6. Be3 Nd7 7. Qd2 Nb6 8. Bd3
Nf6 9. h3 a6 10. O-O Qc7 11. Rae1 O-O 12. f5 b4 13. Nd1 d5 14. e5 Ne4 15. Bxe4
dxe4 16. Nh4 c5 17. Bh6 e3 18. Qxe3 Nd5 19. Qd2 cxd4 20. Bxg7 Kxg7 21. f6+ Kh8
22. Qh6 Rg8 23. Nf3 1-0

[Event "22. Torneo San Viator"]
[Site "Madrid ESP"]
[Date "2014.05.11"]
[Round "6.2"]
[White "Aziz Ortego, Omar Luis"]
[Black "Renteria, Jorge"]
[Result "0-1"]
[WhiteElo "2107"]
[BlackElo "2299"]
[PlyCount "120"]
[EventDate "2014.03.23"]
[EventType "swiss"]
[EventRounds "9"]
[EventCountry "ESP"]
[SourceTitle "Ajedrez en Madrid"]
[Source "lmi"]
[SourceDate "2014.03.23"]
[SourceVersion "1"]
[SourceVersionDate "2014.07.21"]
[SourceQuality "1"]

1. e4 d6 2. f4 Nf6 3. d3 g6 4. Nf3 Bg7 5. c4 O-O 6. Nc3 c5 7. Be2 Nc6 8. O-O
Bg4 9. Ng5 Bxe2 10. Nxe2 a6 11. Rb1 b5 12. b3 Rb8 13. Bb2 Qa5 14. Bc3 Qc7 15.
f5 bxc4 16. fxg6 hxg6 17. dxc4 Ne5 18. Nf4 e6 19. Qe1 Nh7 20. Ngh3 Qe7 21. Rd1
Rbd8 22. Kh1 Rfe8 23. Qg3 Qb7 24. Rfe1 Nf6 25. Ng5 Bh6 26. Nfh3 Bg7 27. Qh4
Neg4 28. Rf1 Qe7 29. Rf4 Ne5 30. Rdf1 a5 31. Nf2 Nh5 32. Ng4 f6 33. Nxe5 fxg5
34. Nxg6 gxh4 35. Nxe7+ Rxe7 36. Bxg7 Nxf4 37. Bf6 Ng6 38. Bxe7 Nxe7 39. Kg1
Kg7 40. Rd1 Nc6 41. Kf2 Kf6 42. Ke3 Ke5 43. Rf1 Rg8 44. Rf2 Rg4 45. Kd3 Rxe4
46. h3 Nb4+ 47. Kc3 Re3+ 48. Kb2 Rg3 49. Re2+ Kf6 50. Kc1 e5 51. Kb2 Nd3+ 52.
Ka3 Nf4 53. Rd2 Ke6 54. Ka4 e4 55. Kxa5 Rxg2 56. Rd1 Rxa2+ 57. Kb5 e3 58. b4 e2
59. Rg1 cxb4 60. c5 dxc5 0-1

[Event "22. Torneo San Viator"]
[Site "Madrid ESP"]
[Date "2014.05.11"]
[Round "6.3"]
[White "Camarero Izquierdo, Juan Carlo"]
[Black "Bermejo Arruego, Luis"]
[Result "0-1"]
[WhiteElo "1864"]
[BlackElo "2175"]
[PlyCount "78"]
[EventDate "2014.03.23"]
[EventType "swiss"]
[EventRounds "9"]
[EventCountry "ESP"]
[SourceTitle "Ajedrez en Madrid"]
[Source "lmi"]
[SourceDate "2014.03.23"]
[SourceVersion "1"]
[SourceVersionDate "2014.07.21"]
[SourceQuality "1"]

1. d4 d5 2. Nc3 Nf6 3. Bg5 Nbd7 4. Nf3 g6 5. Qd3 Bg7 6. O-O-O c6 7. Ne5 Nxe5 8.
dxe5 Ng4 9. Qg3 Qb6 10. e3 Bxe5 11. Bf4 Bxf4 12. Qxf4 e5 13. Qg3 h5 14. h3 h4
15. Qf3 Nh6 16. Qf6 O-O 17. Qxh4 Kg7 18. g4 Rd8 19. Bd3 e4 20. Bf1 Qc7 21. Ne2
Qe5 22. Nd4 Rh8 23. f4 exf3 24. Qf2 Nxg4 25. hxg4 Rxh1 26. Qxf3 Qe4 27. Qg3
Bxg4 28. Re1 Rah8 29. b3 c5 30. Nb5 R8h2 31. Na3 Bf5 32. Bd3 Rxe1+ 33. Kb2 Qh4
34. Qxh4 Rxh4 35. Bxf5 gxf5 36. Nb5 Rxe3 37. Nd6 Kg6 38. Nxb7 f4 39. Nxc5 f3
0-1

[Event "22. Torneo San Viator"]
[Site "Madrid ESP"]
[Date "2014.05.11"]
[Round "6.4"]
[White "Iturbide Arnedo, Oscar"]
[Black "Barahona Torrijos, Angel"]
[Result "1-0"]
[WhiteElo "2128"]
[BlackElo "1870"]
[PlyCount "129"]
[EventDate "2014.03.23"]
[EventType "swiss"]
[EventRounds "9"]
[EventCountry "ESP"]
[SourceTitle "Ajedrez en Madrid"]
[Source "lmi"]
[SourceDate "2014.03.23"]
[SourceVersion "1"]
[SourceVersionDate "2014.07.21"]
[SourceQuality "1"]

1. e4 e5 2. Nc3 Nf6 3. Bc4 Bc5 4. d3 d6 5. Na4 Bd4 6. c3 Bxf2+ 7. Kxf2 c6 8. h3
b5 9. Bb3 bxa4 10. Bc2 O-O 11. Be3 Ba6 12. Ne2 Nh5 13. g4 Qh4+ 14. Kg2 Nf4+ 15.
Nxf4 exf4 16. Bxf4 d5 17. e5 Nd7 18. Qd2 Qe7 19. Rhe1 a3 20. b3 c5 21. d4 Bb7
22. Bg5 Qe8 23. Qd3 g6 24. Bh6 Qe7 25. Qe3 Rfc8 26. Rac1 Rc6 27. Qg5 Qxg5 28.
Bxg5 cxd4 29. cxd4 Rac8 30. Bd3 Nf8 31. Rxc6 Rxc6 32. Rc1 Ne6 33. Rxc6 Bxc6 34.
Be3 g5 35. Bf5 Bb5 36. Kf2 Kg7 37. Bxe6 fxe6 38. Bxg5 Bd3 39. Ke3 Bb1 40. Kd2
Bxa2 41. Kc2 a5 42. Bc1 a4 43. bxa4 Bc4 44. Bxa3 h5 45. gxh5 Kh6 46. Be7 Kxh5
47. Kc3 Kg6 48. Kb4 Kf7 49. Bf6 Ke8 50. Kc5 Kd7 51. Kb6 Kc8 52. Be7 Kb8 53.
Bd6+ Ka8 54. h4 Be2 55. a5 Bf3 56. a6 Bh5 57. Bc5 Kb8 58. a7+ Ka8 59. Kc7 Bg6
60. Kd7 Bf7 61. Ke7 Bg8 62. h5 Kb7 63. h6 Ka8 64. Kf8 Bh7 65. Kg7 1-0

[Event "22. Torneo San Viator"]
[Site "Madrid ESP"]
[Date "2014.05.11"]
[Round "6.5"]
[White "Gutierrez Lopez, Carlos"]
[Black "Garcia Sanjuan, Jose"]
[Result "1/2-1/2"]
[WhiteElo "2115"]
[BlackElo "1867"]
[PlyCount "177"]
[EventDate "2014.03.23"]
[EventType "swiss"]
[EventRounds "9"]
[EventCountry "ESP"]
[SourceTitle "Ajedrez en Madrid"]
[Source "lmi"]
[SourceDate "2014.03.23"]
[SourceVersion "1"]
[SourceVersionDate "2014.07.21"]
[SourceQuality "1"]

1. e4 b6 2. d4 Bb7 3. Nc3 e6 4. Nf3 Bb4 5. Bd3 d5 6. e5 c5 7. a3 cxd4 8. axb4
dxc3 9. bxc3 Qc7 10. Bd2 Nd7 11. Qe2 Ne7 12. O-O Ng6 13. Rfe1 O-O 14. h4 Rfe8
15. h5 Ngf8 16. h6 g6 17. Nh2 f5 18. exf6 Nxf6 19. Bg5 N8d7 20. Ng4 Nxg4 21.
Qxg4 Qxc3 22. Bb5 Bc6 23. Bd2 Qxc2 24. Rac1 Qxd2 25. Red1 Qxh6 26. Bxc6 Ne5 27.
Qe2 Nxc6 28. Rxc6 Qf8 29. b5 Qf7 30. Qe5 Re7 31. f4 Rae8 32. Re1 Qg7 33. Qd6
Qd4+ 34. Kh1 e5 35. Rc8 Rxc8 36. Qxe7 Rf8 37. Qe6+ Kg7 38. Rxe5 Rxf4 39. Qe7+
Rf7 40. Qg5 Rf1+ 41. Kh2 Qf4+ 42. Qxf4 Rxf4 43. Rxd5 Rf5 44. Rd7+ Kh6 45. Rxa7
Rxb5 46. Rb7 Rb2 47. Kh3 g5 48. g4 Kg6 49. Rd7 Rb3+ 50. Kg2 Rb4 51. Kg3 Rf4 52.
Rb7 Rf6 53. Rb8 h6 54. Rb7 Rd6 55. Kf3 h5 56. gxh5+ Kxh5 57. Rh7+ Kg6 58. Rb7
Kf5 59. Rf7+ Rf6 60. Rg7 b5 61. Rb7 Kg6+ 62. Kg3 Rf5 63. Rb6+ Kh5 64. Rb8 Rc5
65. Rh8+ Kg6 66. Rb8 Rc3+ 67. Kg2 Rb3 68. Rd8 b4 69. Rd4 Rb1 70. Kh2 b3 71. Rd3
b2 72. Rb3 Kf5 73. Kg2 g4 74. Rb4 Kg5 75. Rb8 Kf5 76. Rb4 Ke5 77. Rb8 Kf4 78.
Rb4+ Ke3 79. Rb7 Kf4 80. Rb4+ Kg5 81. Rb7 g3 82. Rb8 Kf4 83. Rb7 Ke3 84. Rb8
Kd3 85. Rb7 Ke4 86. Rb8 Kf4 87. Rb7 Rd1 88. Rxb2 Rd3 89. Ra2 1/2-1/2

[Event "22. Torneo San Viator"]
[Site "Madrid ESP"]
[Date "2014.05.11"]
[Round "6.6"]
[White "Rosa Ramirez, Victor D"]
[Black "Bolea Jover, Jose"]
[Result "0-1"]
[WhiteElo "1989"]
[BlackElo "2035"]
[PlyCount "42"]
[EventDate "2014.03.23"]
[EventType "swiss"]
[EventRounds "9"]
[EventCountry "ESP"]
[SourceTitle "Ajedrez en Madrid"]
[Source "lmi"]
[SourceDate "2014.03.23"]
[SourceVersion "1"]
[SourceVersionDate "2014.07.21"]
[SourceQuality "1"]

1. e4 c5 2. c3 Nf6 3. e5 Nd5 4. d4 cxd4 5. cxd4 Nc6 6. Nf3 e6 7. Bc4 Be7 8. O-O
O-O 9. Bxd5 exd5 10. Nc3 d6 11. Nxd5 dxe5 12. Nxe7+ Qxe7 13. d5 Rd8 14. Bg5 f6
15. Be3 Qf7 16. dxc6 Rxd1 17. Rfxd1 Bg4 18. Bxa7 bxc6 19. Bc5 e4 20. Rd4 Qh5
21. Bd6 exf3 0-1

[Event "22. Torneo San Viator"]
[Site "Madrid ESP"]
[Date "2014.05.11"]
[Round "6.8"]
[White "Villanueva Ortega, Ruben"]
[Black "Garcia Galeote, Lorenzo"]
[Result "0-1"]
[WhiteElo "1793"]
[BlackElo "1973"]
[PlyCount "80"]
[EventDate "2014.03.23"]
[EventType "swiss"]
[EventRounds "9"]
[EventCountry "ESP"]
[SourceTitle "Ajedrez en Madrid"]
[Source "lmi"]
[SourceDate "2014.03.23"]
[SourceVersion "1"]
[SourceVersionDate "2014.07.21"]
[SourceQuality "1"]

1. e4 b6 2. d4 Bb7 3. Nc3 e6 4. Bd3 d6 5. Nf3 Nd7 6. Qe2 a6 7. a4 g6 8. Bf4 Bg7
9. O-O-O Ne7 10. Bc4 h6 11. h4 O-O 12. g4 Re8 13. e5 Bxf3 14. Qxf3 d5 15. Be2
c5 16. Qe3 cxd4 17. Qxd4 Kh7 18. Qd2 Nxe5 19. Bxe5 Bxe5 20. f4 Bg7 21. h5 Qc7
22. Rh3 d4 23. Ne4 Nd5 24. hxg6+ fxg6 25. Rdh1 Qxf4 26. Nf6+ Bxf6 27. Rxh6+ Kg7
28. Rh7+ Kg8 29. Qxf4 Nxf4 30. Bf3 Rac8 31. Be4 Ne2+ 32. Kd1 Ng3 33. Bxg6 Nxh1
34. Rxh1 Re7 35. Bd3 a5 36. Rh6 Rf8 37. g5 Bxg5 38. Rg6+ Rg7 39. Rxe6 Rf2 40.
Bg6 Re7 0-1

[Event "22. Torneo San Viator"]
[Site "Madrid ESP"]
[Date "2014.05.11"]
[Round "6.9"]
[White "Rodriguez Bittar, Karim Javier"]
[Black "Sotoca Aguado, Jose"]
[Result "0-1"]
[WhiteElo "1787"]
[BlackElo "1964"]
[PlyCount "144"]
[EventDate "2014.03.23"]
[EventType "swiss"]
[EventRounds "9"]
[EventCountry "ESP"]
[SourceTitle "Ajedrez en Madrid"]
[Source "lmi"]
[SourceDate "2014.03.23"]
[SourceVersion "1"]
[SourceVersionDate "2014.07.21"]
[SourceQuality "1"]

1. e4 e6 2. d4 d5 3. Nd2 Nf6 4. e5 Nfd7 5. c3 c5 6. Ndf3 Nc6 7. Ne2 Qb6 8. a3
Be7 9. g3 O-O 10. Bh3 cxd4 11. cxd4 Na5 12. b4 Nc4 13. O-O a5 14. Qa4 Qc7 15.
Bf4 Ndb6 16. Qb3 Bd7 17. Nc3 a4 18. Qa2 Rac8 19. Rfc1 Qd8 20. Nd2 h6 21. Nxc4
Nxc4 22. Bf1 Qb6 23. Be3 f6 24. Bxc4 Rxc4 25. Qd2 Rfc8 26. Ne2 Qc6 27. Rxc4
Qxc4 28. Rc1 Qb3 29. Rxc8+ Bxc8 30. Qc1 Qc4 31. Qxc4 dxc4 32. Nc3 Bd7 33. d5
exd5 34. Nxd5 Bd8 35. Kf1 Bc6 36. Nc3 Kf7 37. Ke2 Ke6 38. f4 g5 39. b5 Be8 40.
Nxa4 Bxb5 41. Nc5+ Kd5 42. Nxb7 Be7 43. Nd6 Bd7 44. Nf7 gxf4 45. Bxf4 Bxa3 46.
Nxh6 Be6 47. h3 Ke4 48. Kd2 Bb4+ 49. Kc2 Ba5 50. Bd2 Bb6 51. Bf4 Bd4 52. Bd2
Bxe5 53. g4 f5 54. Bc1 f4 55. Nf5 f3 56. Ne3 f2 57. Nf1 Kf3 58. g5 Ke2 59. Be3
Bf5+ 60. Kc1 Bxh3 61. Bxf2 Kxf2 62. Nd2 Bf4 63. Kc2 Bxd2 64. Kxd2 Kf3 65. Kc3
Be6 66. g6 Ke3 67. g7 Bf7 68. Kc2 Kd4 69. Kb2 Kd3 70. Kb1 Kd2 71. g8=Q Bxg8 72.
Ka1 c3 0-1